000 00388nam a2200169Ia 4500
003 OSt
005 20240427124603.0
008 170619s9999 xx 000 0 und d
020 _a9788185749631
040 _cIIMT ENGINEERING COLLEGE
100 _aUPADHYAY A.K.
245 0 _aTRANSPOTATION ENGINEERING
260 _bKATSON
260 _c2009
546 _aENGLISH
942 _2ddc
_c01
999 _c18998
_d18998